| 000 -LEADER |
| fixed length control field |
01134aam a2200229 i 4500 |
| 003 - CONTROL NUMBER IDENTIFIER |
| control field |
KPN |
| 005 - DATE AND TIME OF LATEST TRANSACTION |
| control field |
20260424171307.0 |
| 008 - FIXED-LENGTH DATA ELEMENTS--GENERAL INFORMATION |
| fixed length control field |
20260424b 00| 0 my d |
| 020 ## - INTERNATIONAL STANDARD BOOK NUMBER |
| International Standard Book Number |
9789673695683 |
| Qualifying information |
paperback |
| Terms of availability |
RM21.85 |
| 040 ## - CATALOGING SOURCE |
| Transcribing agency |
KPN |
| 082 04 - DEWEY DECIMAL CLASSIFICATION NUMBER |
| Classification number |
158.1 FAR 2021 |
| Edition number |
23 |
| 090 20 - LOCALLY ASSIGNED LC-TYPE CALL NUMBER (OCLC); LOCAL CALL NUMBER (RLIN) |
| Classification number (OCLC) (R) ; Classification number, CALL (RLIN) (NR) |
158.1 FAR 2021 |
| Local cutter number (OCLC) ; Book number/undivided call number, CALL (RLIN) |
FAR |
| 100 0# - MAIN ENTRY--PERSONAL NAME |
| Personal name |
Faridah Ghazali, |
| Dates associated with a name |
1978- |
| Relator term |
author. |
| 245 10 - TITLE STATEMENT |
| Title |
Minimalis / |
| Statement of responsibility, etc. |
Faridah Ghazali |
| 264 #1 - PRODUCTION, PUBLICATION, DISTRIBUTION, MANUFACTURE, AND COPYRIGHT NOTICE |
| Place of production, publication, distribution, manufacture |
Batu Caves, Selangor : |
| Name of producer, publisher, distributor, manufacturer |
Open Bridge Publications Sdn. Bhd., |
| Date of production, publication, distribution, manufacture, or copyright notice |
2021 |
| 300 ## - PHYSICAL DESCRIPTION |
| Extent |
v, 225 pages ; |
| Dimensions |
20 cm |
| 521 ## - TARGET AUDIENCE NOTE |
| Target audience note |
Sekiranya mahu ke hadapan, kita perlu bergerak, perlu berubah. Ada kesabaran diperlukan. Kejayaan dalam memiliki ketenangan dan kebahagian bermula dengan menghargai sekecil-kecil perkara.<br/><br/>Mempraktikkan minimalis dalam kehidupan akan menghasilkan hidup yang lebih berkualiti, lebih masa, lebih ruang, lebih penghargaan, lebih jimat dan semestinya lebih bebas. Bebaskan diri daripada terperangkap dengan keinginan norma yang tiada batasan. Hidup ini terlalu singkat untuk sesuatu yang sia-sia. |
| 650 10 - SUBJECT ADDED ENTRY--TOPICAL TERM |
| Topical term or geographic name entry element |
Conduct of life |
|
| Topical term or geographic name entry element |
Simplicity |
|
| Topical term or geographic name entry element |
Self-actualization (Psychology) |
| 942 ## - ADDED ENTRY ELEMENTS (KOHA) |
| Source of classification or shelving scheme |
|
| Koha item type |
Book |
| Suppress in OPAC |
No |